Statistics for FIFA World Cup Golden Ball Award

Click here to take the quiz!

General Stats

  • This quiz has been taken 15,889 times
    (15,722 since last reset)
  • The average score is 6 of 10

Answer Stats

WinsCountryWinner% Correct
2014, 2022ArgentinaLionel Messi
100%
2018CroatiaLuka Modrić
89%
1998BrazilRonaldo
87%
1986ArgentinaDiego Maradona
77%
2006FranceZinedine Zidane
77%
2010UruguayDiego Forlán
57%
2002GermanyOliver Kahn
44%
1994BrazilRomário
37%
1982ItalyPaolo Rossi
30%
1990ItalySalvatore Schillaci
17%

Score Distribution

Percentile by Number Answered

Percent of People with Each Score

Your Score History

You have not taken this quiz since the last reset